Sports Quiz

Random Sports or World Quiz

Who will compete in the Rugby LEAGUE World Cup 2017 Quiz Stats

 Plays Quiz not verified by Sporcle

Score 0/14 Timer 03:00
0 Plays Today
Team nickname and world cup history Team % Correct
'Kangaroo's' won the tournament in 2013Australia
100%
'The Lions'England
100%
'The Kiwis' New Zealand
97.1%
'Les Tricolores' runners-up in 1968France
94.1%
'The Bravehearts'Scotland
94.1%
'The Dragons'Wales
91.2%
'The Bati'Fiji
91.2%
Team nickname and world cup history Team % Correct
'The Mate Ma'a'Tonga
91.2%
'The Azurri' like the Tomahawks returning after their first appearance in 2013Italy
88.2%
'Toa ****' quarter finalists 2000Samoa
88.2%
'Tomahawks' or 'Hawks' like the Azurri returning after their first appearance in 2013United States of America
88.2%
'The Wolfhounds'Ireland
82.4%
'The Cedars' Their second appearance after a 17 year gapLebanon
82.4%
'The Kumuls'Papua New Guinea
73.5%

You're not logged in!

Compare scores with friends on all Sporcle quizzes.
OR
Log In

Show Comments

Extras

Top Quizzes Today


Score Distribution

Your Account Isn't Verified!

In order to create a playlist on Sporcle, you need to verify the email address you used during registration. Go to your Sporcle Settings to finish the process.

Report this User

Report this user for behavior that violates our Community Guidelines.

Details: